000 00613nam a2200181Ia 4500
003 GCL
008 140319s9999 xx 000 0 ara d
040 _aGCL /
_cGCL
082 0 4 _a550
_bف ف
100 1 _aمحمد جمال الدين الفندى
245 1 0 _aالمريخ , الفضاء الكونى , الغلاف الهوائى , غزو الفضاء /
_cمحمد جمال الدين الفندى
700 1 _aمحمود خيرى
300 _a132 - 144
490 _aالمكتبة الثقافية
_v0
650 0 4 _aالغلاف الجوى
650 0 4 _aاستكشاف المريخ
942 _2ddc
_cBK
999 _c46595
_d46595